000 01328cam a2200337 i 4500
001 3053104
003 EG-ScBUE
005 20260421093820.0
008 960423t1997 enka f b 001 0 eng d
020 _a0521055733
020 _a9780521055734 (paperback)
040 _aDLC
_beng
_erda
_cDLC
_dDLC
_dEG-ScBUE
082 0 4 _a574.0151
_222
_bFOU
245 0 0 _aFourier descriptors and their applications in biology /
_cedited by Pete E. Lestrel.
264 1 _aCambridge ;
_aNew York :
_bCambridge University Press,
_c[1997]
264 4 _cc1997
300 _axi, 466 pages :
_billustrations ;
_c26 cm
336 _2rdacontent
_atext
_btxt
337 _aunmediated
_2rdamedia
_bn
338 _avolume
_bnc
_2rdacarrier
504 _aIncludes bibliographical references and index.
650 7 _aMorphology
_xMathematical models.
_2BUEsh
_93534
650 7 _aFourier analysis.
_2BUEsh
_93535
650 7 _93536
_aBiology
_xMathematical models.
_2BUEsh
655 _vReading book
700 1 _aLestrel, Pete E.,
_eeditor.
_93537
856 4 2 _3Publisher description
_uhttp://www.loc.gov/catdir/description/cam027/96028577.html
856 4 1 _3Table of contents
_uhttp://www.loc.gov/catdir/toc/cam026/96028577.html
942 _2ddc
_cBB
999 _c11265
_d11265